Estadísticas para Nombres para el gobierno

Haz click aquí para tomar la prueba!

Estadísticas generales

  • Esta prueba ha sido tomada 1,332 veces
  • La puntuación promedio es 7 de 14

Estadísticas de respuestas

Quien gobierna Palabra % Correct
Un rey o una reinaMonarquía
96%
La genteDemocracia
94%
NadieAnarquía
78%
HombresPatriarcado
64%
MujeresMatriarcado
62%
Un elite socialOligarquía
59%
Líderes religiososTeocracia
49%
Los nobles hereditariosAristocracia
45%
Los más capacitadosMeritocracia
33%
Los ricosPlutocracia
30%
Oficiales gubernamentalesBurocracia
29%
Los ancianosGerontocracia
26%
Una personaAutocracia
22%
Los ladronesCleptocracia
22%

Distribución de puntuación

Porcentaje por número respondido

Porcentaje de gente con cada puntuación

Historial de tus puntuaciones

No has tomado esta prueba